[Event "Obert Internacional Artur Pomar 2018"]
[Site "Palma de Mallorca ESP"]
[Date "2018.11.26"]
[Round "1.1"]
[White "Gjestemoen-Vonhirsch, Andre"]
[Black "Zubov, Alexander"]
[Result "0-1"]
[WhiteElo "1993"]
[BlackElo "2597"]
[PlyCount "62"]
[EventDate "2018.11.26"]
[EventType "swiss"]
[EventRounds "7"]
[EventCountry "ESP"]
[SourceTitle "Ajedrez en Madrid"]
[Source "lmi"]
[SourceDate "2018.02.26"]
[SourceVersion "1"]
[SourceVersionDate "2019.07.15"]
[SourceQuality "1"]

1. e4 c5 2. Nf3 e6 3. d4 cxd4 4. Nxd4 Nc6 5. Nc3 a6 6. a3 Qc7 7. Be3 b5 8. Nxc6
dxc6 9. f4 Bb7 10. Qf3 c5 11. Qf2 Nf6 12. e5 Ng4 13. Qe2 Nxe3 14. Qxe3 c4 15.
Be2 Bxg2 16. Rg1 Bc5 17. Qg3 Bb7 18. Bf3 Bxg1 19. Ne4 Bxe4 20. Bxe4 Bxh2 21.
Qxh2 Rd8 22. Qg2 O-O 23. Qh3 g6 24. c3 Rd7 25. Rc1 Qc5 26. Ke2 Rd2+ 27. Kf3
Rf2+ 28. Kg4 h5+ 29. Kh4 Rxf4+ 30. Kg5 Qxe5+ 31. Kh6 Rxe4 0-1

[Event "Obert Internacional Artur Pomar 2018"]
[Site "Palma de Mallorca ESP"]
[Date "2018.11.26"]
[Round "1.2"]
[White "Aroshidze, Levan"]
[Black "Gaitan Moyano, Juan"]
[Result "1-0"]
[WhiteElo "2514"]
[BlackElo "1980"]
[PlyCount "81"]
[EventDate "2018.11.26"]
[EventType "swiss"]
[EventRounds "7"]
[EventCountry "ESP"]
[SourceTitle "Ajedrez en Madrid"]
[Source "lmi"]
[SourceDate "2018.02.26"]
[SourceVersion "1"]
[SourceVersionDate "2019.07.15"]
[SourceQuality "1"]

1. e4 c5 2. Nf3 d6 3. d4 cxd4 4. Nxd4 Nf6 5. Nc3 a6 6. f3 e5 7. Nb3 Be6 8. Be3
Nbd7 9. g4 b5 10. g5 Nh5 11. Qd2 Be7 12. O-O-O O-O 13. Kb1 b4 14. Nd5 Bxd5 15.
exd5 a5 16. Bb5 Qc7 17. Bc6 Rad8 18. Rhg1 Nb8 19. Bb5 Nd7 20. Qf2 Nc5 21. Bc6
Nd7 22. Qe2 Nb8 23. Bb5 Nd7 24. Rg4 Nb6 25. Nxa5 Nxd5 26. Rxd5 Qxa5 27. Qd2 Ra8
28. Bc4 Qc7 29. Bb3 g6 30. Rc4 Qd8 31. Rxb4 Ng7 32. f4 exf4 33. Bxf4 Ne6 34. h4
Ra5 35. a3 Rxd5 36. Qxd5 Qa8 37. Be3 Qxd5 38. Bxd5 Rc8 39. a4 Nc7 40. Rc4 Bd8
41. Ba7 1-0

[Event "Obert Internacional Artur Pomar 2018"]
[Site "Palma de Mallorca ESP"]
[Date "2018.11.26"]
[Round "1.3"]
[White "Ilijkov, Ivan"]
[Black "Vasquez Schroeder, Rodrigo"]
[Result "0-1"]
[WhiteElo "1975"]
[BlackElo "2490"]
[PlyCount "52"]
[EventDate "2018.11.26"]
[EventType "swiss"]
[EventRounds "7"]
[EventCountry "ESP"]
[SourceTitle "Ajedrez en Madrid"]
[Source "lmi"]
[SourceDate "2018.02.26"]
[SourceVersion "1"]
[SourceVersionDate "2019.07.15"]
[SourceQuality "1"]

1. e4 c5 2. Nc3 Nc6 3. g3 g6 4. Bg2 Bg7 5. d3 d6 6. h3 b6 7. Nge2 Bb7 8. O-O e6
9. f4 Nge7 10. Bd2 Qd7 11. Qc1 f5 12. a4 O-O 13. Nd1 fxe4 14. dxe4 d5 15. Nf2
Rad8 16. Bc3 d4 17. Bd2 e5 18. g4 Ba6 19. Re1 exf4 20. Nxf4 Ne5 21. N4d3 N7c6
22. Bf1 c4 23. Nxe5 Nxe5 24. Bg2 Nf3+ 25. Bxf3 Rxf3 26. Kg2 Rdf8 0-1

[Event "Obert Internacional Artur Pomar 2018"]
[Site "Palma de Mallorca ESP"]
[Date "2018.11.26"]
[Round "1.4"]
[White "Nagy, Gabor"]
[Black "Filippskikh, Oleksii"]
[Result "1-0"]
[WhiteElo "2464"]
[BlackElo "1950"]
[PlyCount "73"]
[EventDate "2018.11.26"]
[EventType "swiss"]
[EventRounds "7"]
[EventCountry "ESP"]
[SourceTitle "Ajedrez en Madrid"]
[Source "lmi"]
[SourceDate "2018.02.26"]
[SourceVersion "1"]
[SourceVersionDate "2019.07.15"]
[SourceQuality "1"]

1. e4 c5 2. Nf3 Nc6 3. Nc3 e5 4. Bc4 Be7 5. d3 d6 6. Nd2 Nf6 7. Nf1 Bg4 8. f3
Be6 9. Ne3 O-O 10. O-O Nd4 11. a4 Nh5 12. Ncd5 Bg5 13. c3 Nc6 14. g3 g6 15. f4
exf4 16. gxf4 Bh6 17. Qf3 f6 18. Kh1 Kh8 19. Bd2 Bg8 20. Nf5 Bg7 21. Nxg7 Nxg7
22. Rae1 Ne7 23. Nxe7 Qxe7 24. Bxg8 Kxg8 25. f5 Rf7 26. h4 Kh8 27. fxg6 hxg6
28. Rg1 f5 29. Rxg6 fxe4 30. Qg2 Qxh4+ 31. Kg1 Kg8 32. Rxe4 Qh7 33. Bh6 Raf8
34. Rxg7+ Rxg7 35. Bxg7 Qxg7 36. Rg4 Rf7 37. Kh2 1-0

[Event "Obert Internacional Artur Pomar 2018"]
[Site "Palma de Mallorca ESP"]
[Date "2018.11.26"]
[Round "1.5"]
[White "Moreno Garcia, Alfonso"]
[Black "Minzer, Claudio Javier"]
[Result "0-1"]
[WhiteElo "1940"]
[BlackElo "2437"]
[PlyCount "104"]
[EventDate "2018.11.26"]
[EventType "swiss"]
[EventRounds "7"]
[EventCountry "ESP"]
[SourceTitle "Ajedrez en Madrid"]
[Source "lmi"]
[SourceDate "2018.02.26"]
[SourceVersion "1"]
[SourceVersionDate "2019.07.15"]
[SourceQuality "1"]

1. e4 c5 2. Nf3 Nc6 3. d4 cxd4 4. Nxd4 g6 5. Be3 Nf6 6. Nc3 Bg7 7. Be2 O-O 8.
O-O d6 9. Qd2 Bd7 10. Rfd1 Rc8 11. Nxc6 Bxc6 12. f3 Nd7 13. Bd4 a5 14. Bxg7
Kxg7 15. Qd4+ f6 16. f4 Qb6 17. Qxb6 Nxb6 18. a4 Bd7 19. Rd2 Be6 20. Kf2 Rc5
21. Bd3 Rfc8 22. Ne2 Bf7 23. Ke3 Kf8 24. b3 g5 25. g3 gxf4+ 26. gxf4 Rh5 27.
Ng3 Rh4 28. Rg1 Be6 29. Rdg2 Ke8 30. Nf1 d5 31. f5 Bf7 32. Rg4 Rxg4 33. Rxg4
Kf8 34. Kd2 Rd8 35. Ne3 dxe4 36. Rxe4 Nc8 37. Kc3 Nd6 38. Rd4 Rc8+ 39. Kb2 Rc5
40. Rh4 h5 41. Rf4 Re5 42. Ng2 b6 43. Nh4 Rc5 44. Rd4 Kg7 45. Rf4 Re5 46. Nf3
Re3 47. h4 Bd5 48. Nd2 Rg3 49. b4 Rg4 50. Rxg4+ hxg4 51. Nf1 axb4 52. Ng3 e6
0-1

[Event "Obert Internacional Artur Pomar 2018"]
[Site "Palma de Mallorca ESP"]
[Date "2018.11.26"]
[Round "1.6"]
[White "Gretarsson, Helgi Ass"]
[Black "Penas Fuster, Jaime"]
[Result "1-0"]
[WhiteElo "2436"]
[BlackElo "1920"]
[PlyCount "62"]
[EventDate "2018.11.26"]
[EventType "swiss"]
[EventRounds "7"]
[EventCountry "ESP"]
[SourceTitle "Ajedrez en Madrid"]
[Source "lmi"]
[SourceDate "2018.02.26"]
[SourceVersion "1"]
[SourceVersionDate "2019.07.15"]
[SourceQuality "1"]

1. d4 d5 2. c4 c6 3. Nc3 Nf6 4. e3 e6 5. Nf3 Nbd7 6. Qc2 Bb4 7. Bd3 dxc4 8.
Bxc4 c5 9. a3 Bxc3+ 10. bxc3 O-O 11. e4 cxd4 12. cxd4 Qc7 13. e5 b5 14. Bd3
Qxc2 15. Bxc2 Nd5 16. Ng5 h6 17. Ne4 N7b6 18. Bd3 Bd7 19. Nd6 a6 20. Bd2 Nc8
21. Ne4 Ncb6 22. Rc1 Rfc8 23. Nc5 Be8 24. h4 Nd7 25. Nb7 Rxc1+ 26. Bxc1 N7b6
27. Nd6 Kf8 28. Rh3 Ra7 29. Bd2 Rc7 30. Rg3 Nc4 31. Bxc4 bxc4 1-0

[Event "Obert Internacional Artur Pomar 2018"]
[Site "Palma de Mallorca ESP"]
[Date "2018.11.26"]
[Round "1.7"]
[White "Amengual Perello, Jordi"]
[Black "Kjartansson, Gudmundur"]
[Result "0-1"]
[WhiteElo "1913"]
[BlackElo "2423"]
[PlyCount "120"]
[EventDate "2018.11.26"]
[EventType "swiss"]
[EventRounds "7"]
[EventCountry "ESP"]
[SourceTitle "Ajedrez en Madrid"]
[Source "lmi"]
[SourceDate "2018.02.26"]
[SourceVersion "1"]
[SourceVersionDate "2019.07.15"]
[SourceQuality "1"]

1. Nf3 d5 2. d4 Nf6 3. c4 e6 4. g3 Be7 5. Bg2 O-O 6. O-O Nbd7 7. Qc2 c6 8. Nbd2
b6 9. e4 Bb7 10. cxd5 cxd5 11. e5 Ne8 12. Re1 Rc8 13. Qd1 Nb8 14. Bf1 Ba6 15.
h4 Nc7 16. Nh2 Bxf1 17. Rxf1 Nc6 18. Ndf3 Qd7 19. h5 f5 20. exf6 gxf6 21. Bh6
Rf7 22. Bf4 Nb5 23. Rc1 Nd6 24. Qa4 b5 25. Qa6 Nb4 26. Rxc8+ Nxc8 27. Qa5 Nd3
28. Qd2 Nxf4 29. Qxf4 Bd6 30. Qe3 Rg7 31. Re1 Kf7 32. h6 Rg8 33. Qd3 Kf8 34.
Qe3 Kf7 35. Qd3 Kf8 36. Qe3 Ke7 37. Qd3 Kd8 38. Qe3 Rf8 39. Ng4 Qf7 40. Qd3 Rg8
41. Nfh2 a6 42. Qc3 f5 43. Ne5 Bxe5 44. Rxe5 f4 45. g4 Rg6 46. Qa5+ Qc7 47. Qd2
Nd6 48. Qxf4 Nf7 49. Nf3 Kc8 50. Kg2 Rxh6 51. Qe3 Nxe5 52. Qxh6 Ng6 53. Ng5 Qf4
54. f3 Qd2+ 55. Kg3 Qxd4 56. Nh3 Qe5+ 57. Kg2 Qxb2+ 58. Nf2 Qe5 59. Qc1+ Kd8
60. Qc2 Nh4+ 0-1

[Event "Obert Internacional Artur Pomar 2018"]
[Site "Palma de Mallorca ESP"]
[Date "2018.11.26"]
[Round "1.8"]
[White "Alonso Bouza, Julio Javier"]
[Black "Monzonis Quaild, David"]
[Result "1-0"]
[WhiteElo "2396"]
[BlackElo "1911"]
[PlyCount "57"]
[EventDate "2018.11.26"]
[EventType "swiss"]
[EventRounds "7"]
[EventCountry "ESP"]
[SourceTitle "Ajedrez en Madrid"]
[Source "lmi"]
[SourceDate "2018.02.26"]
[SourceVersion "1"]
[SourceVersionDate "2019.07.15"]
[SourceQuality "1"]

1. e4 e5 2. Nf3 Nc6 3. Bb5 d6 4. c3 Nf6 5. Qe2 Be7 6. d4 exd4 7. Nxd4 Bd7 8.
O-O O-O 9. Nxc6 Bxc6 10. Bxc6 bxc6 11. Rd1 Qc8 12. c4 Qe6 13. Nc3 Nd7 14. Be3
Bf6 15. Bd4 Bxd4 16. Rxd4 Ne5 17. f4 Nd7 18. Re1 Rfe8 19. b3 Nc5 20. Rdd1 a5
21. Qf3 Rad8 22. e5 dxe5 23. Rxe5 Rxd1+ 24. Qxd1 Qc8 25. Rxc5 Rd8 26. Qe2 Qb7
27. Re5 Qa7+ 28. Qe3 Qxe3+ 29. Rxe3 1-0

[Event "Obert Internacional Artur Pomar 2018"]
[Site "Palma de Mallorca ESP"]
[Date "2018.11.26"]
[Round "1.9"]
[White "Myronenko, Natalya"]
[Black "Szabo, Bence"]
[Result "0-1"]
[WhiteElo "1898"]
[BlackElo "2373"]
[PlyCount "88"]
[EventDate "2018.11.26"]
[EventType "swiss"]
[EventRounds "7"]
[EventCountry "ESP"]
[SourceTitle "Ajedrez en Madrid"]
[Source "lmi"]
[SourceDate "2018.02.26"]
[SourceVersion "1"]
[SourceVersionDate "2019.07.15"]
[SourceQuality "1"]

1. e4 c5 2. Nf3 d6 3. d4 cxd4 4. Nxd4 Nf6 5. Nc3 Nc6 6. Be2 g6 7. O-O Bg7 8.
Nb3 O-O 9. Kh1 Be6 10. f4 Qc8 11. Be3 Rd8 12. Nd4 Bg4 13. f5 Bxe2 14. Qxe2 Ne5
15. fxg6 hxg6 16. Nd5 Re8 17. Nxf6+ Bxf6 18. c3 Qc4 19. Qd2 Qd3 20. Qxd3 Nxd3
21. Rab1 a6 22. Nf3 Rac8 23. h3 Nc5 24. Bxc5 Rxc5 25. Rbe1 b5 26. Re2 Rb8 27.
a3 a5 28. Rfe1 b4 29. axb4 axb4 30. cxb4 Rxb4 31. e5 dxe5 32. Nxe5 Rc7 33. Ng4
Bg5 34. Ne5 Kg7 35. Kg1 e6 36. Rd1 Bf6 37. Rdd2 Rc1+ 38. Kf2 Rb3 39. g3 Rb1 40.
Nc4 Be7 41. h4 Bc5+ 42. Ne3 e5 43. Kf3 f5 44. Rc2 Bd4 0-1

[Event "Obert Internacional Artur Pomar 2018"]
[Site "Palma de Mallorca ESP"]
[Date "2018.11.26"]
[Round "1.11"]
[White "Pons Blanco, Cristobal"]
[Black "Genocchio, Daniele"]
[Result "0-1"]
[WhiteElo "1874"]
[BlackElo "2364"]
[PlyCount "62"]
[EventDate "2018.11.26"]
[EventType "swiss"]
[EventRounds "7"]
[EventCountry "ESP"]
[SourceTitle "Ajedrez en Madrid"]
[Source "lmi"]
[SourceDate "2018.02.26"]
[SourceVersion "1"]
[SourceVersionDate "2019.07.15"]
[SourceQuality "1"]

1. e4 c5 2. Nf3 Nc6 3. d3 Nf6 4. g3 d5 5. Nbd2 Bg4 6. Bg2 e6 7. O-O Be7 8. Re1
O-O 9. Nf1 dxe4 10. dxe4 Qxd1 11. Rxd1 Nd4 12. Rxd4 cxd4 13. Nxd4 Rfd8 14. Be3
Rac8 15. f4 Bc5 16. c3 e5 17. fxe5 Nd7 18. h3 Be6 19. Bf4 Nf8 20. Rd1 Bxa2 21.
Rd2 Ne6 22. Be3 Bb6 23. Nh2 Bc4 24. Nhf3 Nc5 25. Ne1 Nb3 26. Rc2 Nxd4 27. cxd4
Bxd4 28. Kf2 Bxe3+ 29. Kxe3 b5 30. Nf3 Rd3+ 31. Kf4 h6 0-1

[Event "Obert Internacional Artur Pomar 2018"]
[Site "Palma de Mallorca ESP"]
[Date "2018.11.26"]
[Round "1.12"]
[White "Mascaro March, Pedro"]
[Black "Boix Pons, Catalina"]
[Result "1-0"]
[WhiteElo "2362"]
[BlackElo "1835"]
[PlyCount "75"]
[EventDate "2018.11.26"]
[EventType "swiss"]
[EventRounds "7"]
[EventCountry "ESP"]
[SourceTitle "Ajedrez en Madrid"]
[Source "lmi"]
[SourceDate "2018.02.26"]
[SourceVersion "1"]
[SourceVersionDate "2019.07.15"]
[SourceQuality "1"]

1. d4 d5 2. Nf3 Nf6 3. c4 c6 4. Qc2 Bg4 5. Ne5 Bh5 6. cxd5 Qxd5 7. e3 e6 8. Nc3
Qd8 9. Bd3 Bd6 10. f4 Bxe5 11. fxe5 Nd5 12. Nxd5 cxd5 13. O-O Bg6 14. Bxg6 hxg6
15. b3 Nc6 16. Ba3 Rc8 17. Qf2 Qd7 18. Rac1 Rh5 19. g4 Rh8 20. Kg2 g5 21. h3
Rh6 22. Bd6 f6 23. b4 a6 24. a4 Ne7 25. Rc5 b6 26. Rc2 Rc4 27. Rfc1 Qc6 28. Qe2
b5 29. axb5 axb5 30. Bc5 fxe5 31. Ra1 Rxc2 32. Qxc2 Nc8 33. dxe5 Qc7 34. Qc3
Qb7 35. Qd4 g6 36. Rf1 Rh8 37. Rf6 Qa6 38. Qxd5 1-0

[Event "Obert Internacional Artur Pomar 2018"]
[Site "Palma de Mallorca ESP"]
[Date "2018.11.26"]
[Round "1.14"]
[White "Georgiev, Krum"]
[Black "Cerdo Fernandez, Miguel"]
[Result "1-0"]
[WhiteElo "2331"]
[BlackElo "1782"]
[PlyCount "47"]
[EventDate "2018.11.26"]
[EventType "swiss"]
[EventRounds "7"]
[EventCountry "ESP"]
[SourceTitle "Ajedrez en Madrid"]
[Source "lmi"]
[SourceDate "2018.02.26"]
[SourceVersion "1"]
[SourceVersionDate "2019.07.15"]
[SourceQuality "1"]

1. e4 c5 2. Nf3 Nc6 3. Bb5 d6 4. O-O Bd7 5. h3 g6 6. c3 Bg7 7. Re1 e5 8. d4
Nge7 9. dxc5 dxc5 10. Qd6 O-O 11. Qxc5 Rc8 12. Qd6 Be6 13. Qxd8 Rfxd8 14. Be3
a6 15. Bf1 b5 16. Nbd2 b4 17. Bxa6 bxc3 18. bxc3 Ra8 19. Bc4 Bxc4 20. Nxc4 Ra4
21. Nfd2 f5 22. f3 Rb8 23. a3 Na5 24. Nb6 1-0

[Event "Obert Internacional Artur Pomar 2018"]
[Site "Palma de Mallorca ESP"]
[Date "2018.11.26"]
[Round "1.15"]
[White "Caliz Morales, Felipe"]
[Black "Nikolaev, Leonid"]
[Result "0-1"]
[WhiteElo "1771"]
[BlackElo "2284"]
[PlyCount "51"]
[EventDate "2018.11.26"]
[EventType "swiss"]
[EventRounds "7"]
[EventCountry "ESP"]
[SourceTitle "Ajedrez en Madrid"]
[Source "lmi"]
[SourceDate "2018.02.26"]
[SourceVersion "1"]
[SourceVersionDate "2019.07.15"]
[SourceQuality "1"]

1. e4 c5 2. Nf3 Nc6 3. d4 cxd4 4. Nxd4 g6 5. Nc3 Bg7 6. Be3 Nf6 7. Be2 O-O 8.
O-O d6 9. Kh1 Bd7 10. f4 Nxd4 11. Bxd4 Bc6 12. Bf3 Qa5 13. a3 e5 14. Be3 Rad8
15. Qe1 exf4 16. Bxf4 Rfe8 17. Rd1 Qb6 18. b4 d5 19. Qg3 dxe4 20. Be2 Rxd1 21.
Nxd1 Nd5 22. c4 Nxf4 23. Qxf4 f5 24. b5 Bd7 25. Ne3 Be5 26. Qf2 0-1

[Event "Obert Internacional Artur Pomar 2018"]
[Site "Palma de Mallorca ESP"]
[Date "2018.11.26"]
[Round "1.17"]
[White "Ramon Sanchez Campins, Pedro"]
[Black "Aderito, Pedro"]
[Result "0-1"]
[WhiteElo "1744"]
[BlackElo "2262"]
[PlyCount "68"]
[EventDate "2018.11.26"]
[EventType "swiss"]
[EventRounds "7"]
[EventCountry "ESP"]
[SourceTitle "Ajedrez en Madrid"]
[Source "lmi"]
[SourceDate "2018.02.26"]
[SourceVersion "1"]
[SourceVersionDate "2019.07.15"]
[SourceQuality "1"]

1. d4 d6 2. Nf3 g6 3. g3 Bg7 4. Bg2 Nd7 5. b3 e5 6. Bb2 e4 7. Nfd2 d5 8. e3 Ne7
9. O-O O-O 10. c4 c6 11. Nc3 Nf6 12. cxd5 cxd5 13. Rc1 Bg4 14. Qc2 Rc8 15. Qb1
Nc6 16. h3 Bf5 17. Na4 h5 18. Ba3 Re8 19. Nc5 Qb6 20. Rfd1 Nd8 21. Ncxe4 dxe4
22. Rxc8 Bxc8 23. Nc4 Qa6 24. Qc1 Bd7 25. Nd6 Re6 26. Bf1 Qb6 27. Bc5 Qc7 28.
Nb5 Bxb5 29. Bxb5 a6 30. Bc4 Re8 31. Ba3 Qd7 32. Kh2 Ne6 33. d5 Ng5 34. d6
Qxh3+ 0-1

[Event "Obert Internacional Artur Pomar 2018"]
[Site "Palma de Mallorca ESP"]
[Date "2018.11.26"]
[Round "1.18"]
[White "Tattersall Rodriguez, Lester"]
[Black "Munar Messegue, David"]
[Result "1-0"]
[WhiteElo "2258"]
[BlackElo "1722"]
[PlyCount "39"]
[EventDate "2018.11.26"]
[EventType "swiss"]
[EventRounds "7"]
[EventCountry "ESP"]
[SourceTitle "Ajedrez en Madrid"]
[Source "lmi"]
[SourceDate "2018.02.26"]
[SourceVersion "1"]
[SourceVersionDate "2019.07.15"]
[SourceQuality "1"]

1. d4 e5 2. dxe5 Nc6 3. Nf3 Qe7 4. Qd5 f6 5. exf6 Nxf6 6. Qb3 d5 7. Nc3 d4 8.
Nb5 Ne4 9. Bf4 Na5 10. Qd3 Nc5 11. Nxc7+ Qxc7 12. Bxc7 Nxd3+ 13. exd3 Bb4+ 14.
Kd1 O-O 15. a3 Nc6 16. axb4 Be6 17. b5 Nb4 18. Bd6 Rxf3 19. gxf3 Nd5 20. Rg1
1-0

[Event "Obert Internacional Artur Pomar 2018"]
[Site "Palma de Mallorca ESP"]
[Date "2018.11.27"]
[Round "2.1"]
[White "Zubov, Alexander"]
[Black "Damia, Angelo"]
[Result "1-0"]
[WhiteElo "2597"]
[BlackElo "2276"]
[PlyCount "29"]
[EventDate "2018.11.26"]
[EventType "swiss"]
[EventRounds "7"]
[EventCountry "ESP"]
[SourceTitle "Ajedrez en Madrid"]
[Source "lmi"]
[SourceDate "2018.02.26"]
[SourceVersion "1"]
[SourceVersionDate "2019.07.15"]
[SourceQuality "1"]

1. e4 c6 2. c4 e5 3. Nf3 Nf6 4. Nc3 Bb4 5. Nxe5 Qe7 6. Nd3 Nxe4 7. Be2 Bd6 8.
O-O O-O 9. Re1 Qh4 10. g3 Nxg3 11. hxg3 Bxg3 12. Kg2 Qh2+ 13. Kf3 g5 14. Rh1
g4+ 15. Kxg4 1-0

[Event "Obert Internacional Artur Pomar 2018"]
[Site "Palma de Mallorca ESP"]
[Date "2018.11.27"]
[Round "2.3"]
[White "Vasquez Schroeder, Rodrigo"]
[Black "Tattersall Rodriguez, Lester"]
[Result "1-0"]
[WhiteElo "2490"]
[BlackElo "2258"]
[PlyCount "84"]
[EventDate "2018.11.26"]
[EventType "swiss"]
[EventRounds "7"]
[EventCountry "ESP"]
[SourceTitle "Ajedrez en Madrid"]
[Source "lmi"]
[SourceDate "2018.02.26"]
[SourceVersion "1"]
[SourceVersionDate "2019.07.15"]
[SourceQuality "1"]

1. d4 Nf6 2. c4 e6 3. Nf3 Bb4+ 4. Bd2 Be7 5. Nc3 d5 6. Bg5 O-O 7. e3 b6 8. Be2
Bb7 9. Bxf6 Bxf6 10. cxd5 exd5 11. Qb3 c6 12. O-O Re8 13. Rad1 Na6 14. Rfe1 Nc7
15. Bf1 Qc8 16. e4 c5 17. e5 c4 18. Qc2 Bd8 19. b3 b5 20. bxc4 bxc4 21. g3 Bc6
22. Rb1 Qg4 23. h3 Qg6 24. Qc1 Ne6 25. Bg2 Ba5 26. Qa3 Bb6 27. Rbd1 Rad8 28.
Kh2 f5 29. Ne2 Qh6 30. Qc3 Rf8 31. Neg1 g5 32. Ne2 Rd7 33. Nd2 g4 34. f4 Bb7
35. a4 a5 36. Rb1 Bd8 37. Rxb7 Rxb7 38. Bxd5 Qxh3+ 39. Kg1 Re7 40. Qxc4 Qh6 41.
Kg2 Kh8 42. Rh1 Qg6 1-0

[Event "Obert Internacional Artur Pomar 2018"]
[Site "Palma de Mallorca ESP"]
[Date "2018.11.27"]
[Round "2.4"]
[White "Siddharth, Jagadeesh"]
[Black "Nagy, Gabor"]
[Result "0-1"]
[WhiteElo "2215"]
[BlackElo "2464"]
[PlyCount "72"]
[EventDate "2018.11.26"]
[EventType "swiss"]
[EventRounds "7"]
[EventCountry "ESP"]
[SourceTitle "Ajedrez en Madrid"]
[Source "lmi"]
[SourceDate "2018.02.26"]
[SourceVersion "1"]
[SourceVersionDate "2019.07.15"]
[SourceQuality "1"]

1. d4 Nf6 2. c4 g6 3. Nf3 Bg7 4. g3 O-O 5. Bg2 d6 6. O-O Nbd7 7. Nc3 e5 8. e4
c6 9. h3 Qa5 10. Be3 Nb6 11. dxe5 dxe5 12. Nd2 Be6 13. Nb3 Qb4 14. Bc5 Qxc4 15.
Bxf8 Bxf8 16. Qc2 a5 17. Nd2 Qc5 18. Rac1 Nfd7 19. Rfd1 a4 20. b3 Qa5 21. bxa4
Nxa4 22. Nxa4 Qxa4 23. Bf1 Nc5 24. Nc4 Qxa2 25. Qxa2 Rxa2 26. Bg2 Nb3 27. Rc3
Nd4 28. Bf1 f6 29. Ne3 b5 30. Rdc1 c5 31. Nd5 Kg7 32. Rxc5 Bxc5 33. Rxc5 Nf3+
34. Kg2 Ng5 35. Rc7+ Kf8 36. Nxf6 Bxh3+ 0-1

[Event "Obert Internacional Artur Pomar 2018"]
[Site "Palma de Mallorca ESP"]
[Date "2018.11.27"]
[Round "2.5"]
[White "Minzer, Claudio Javier"]
[Black "Brull Mayol, Cosme"]
[Result "1-0"]
[WhiteElo "2437"]
[BlackElo "2201"]
[PlyCount "63"]
[EventDate "2018.11.26"]
[EventType "swiss"]
[EventRounds "7"]
[EventCountry "ESP"]
[SourceTitle "Ajedrez en Madrid"]
[Source "lmi"]
[SourceDate "2018.02.26"]
[SourceVersion "1"]
[SourceVersionDate "2019.07.15"]
[SourceQuality "1"]

1. d4 Nf6 2. c4 e6 3. Nf3 d5 4. Nc3 c5 5. cxd5 Nxd5 6. e3 Nc6 7. Bd3 cxd4 8.
exd4 Be7 9. O-O O-O 10. Re1 Bf6 11. Be4 Nxc3 12. bxc3 Qa5 13. Qd3 g6 14. Bh6
Rd8 15. Qe3 Bd7 16. Qf4 Bg7 17. Bxg7 Kxg7 18. Re3 Rac8 19. Ng5 f5 20. Rh3 h5
21. Bxc6 Rxc6 22. Nf3 Rxc3 23. Qg5 Be8 24. Rxh5 Qc7 25. Rh3 Rc8 26. Re1 Rc1 27.
Qh6+ Kf6 28. Qh4+ Kf7 29. Ng5+ Ke7 30. Nxe6+ Kd7 31. Nf8+ Kd6 32. Qf6+ 1-0

[Event "Obert Internacional Artur Pomar 2018"]
[Site "Palma de Mallorca ESP"]
[Date "2018.11.27"]
[Round "2.6"]
[White "Baklanova, Tatiana"]
[Black "Gretarsson, Helgi Ass"]
[Result "1/2-1/2"]
[WhiteElo "2196"]
[BlackElo "2436"]
[PlyCount "30"]
[EventDate "2018.11.26"]
[EventType "swiss"]
[EventRounds "7"]
[EventCountry "ESP"]
[SourceTitle "Ajedrez en Madrid"]
[Source "lmi"]
[SourceDate "2018.02.26"]
[SourceVersion "1"]
[SourceVersionDate "2019.07.15"]
[SourceQuality "1"]

1. d4 Nf6 2. c4 Nc6 3. Nc3 e5 4. d5 Ne7 5. Nf3 Ng6 6. h4 d6 7. h5 Ne7 8. h6 g6
9. Bg5 Neg8 10. e4 Be7 11. Qd2 Ng4 12. Bxe7 Qxe7 13. O-O-O a6 14. Bd3 Qf8 15.
Nh4 f6 1/2-1/2

[Event "Obert Internacional Artur Pomar 2018"]
[Site "Palma de Mallorca ESP"]
[Date "2018.11.27"]
[Round "2.7"]
[White "Kjartansson, Gudmundur"]
[Black "Julio, Joao Manuel Dos San"]
[Result "1-0"]
[WhiteElo "2423"]
[BlackElo "2096"]
[PlyCount "77"]
[EventDate "2018.11.26"]
[EventType "swiss"]
[EventRounds "7"]
[EventCountry "ESP"]
[SourceTitle "Ajedrez en Madrid"]
[Source "lmi"]
[SourceDate "2018.02.26"]
[SourceVersion "1"]
[SourceVersionDate "2019.07.15"]
[SourceQuality "1"]

1. d4 Nf6 2. c4 e6 3. Nf3 d5 4. Nc3 c6 5. e3 Bd6 6. Bd3 Nbd7 7. e4 dxe4 8. Nxe4
Nxe4 9. Bxe4 Nf6 10. Bc2 Bb4+ 11. Bd2 Bxd2+ 12. Qxd2 h6 13. O-O b6 14. Qe3 O-O
15. Rfd1 Qc7 16. c5 Ba6 17. Ne5 Rad8 18. b4 Rfe8 19. g3 Nd5 20. Qe4 f5 21. Qe1
Rf8 22. Ba4 Bb7 23. Nxc6 Bxc6 24. Qxe6+ Kh8 25. Qxc6 Qxc6 26. Bxc6 Nxb4 27. Ba4
bxc5 28. dxc5 Rxd1+ 29. Rxd1 Nxa2 30. Bd7 Nc3 31. Rd3 Ne4 32. c6 Nc5 33. Rc3
Na4 34. Ra3 Nb6 35. Rxa7 Nxd7 36. Rxd7 Kh7 37. c7 Rc8 38. Kg2 Kg6 39. h4 1-0